|
|
|
|
| LEADER |
00000nam1a2200000 4500 |
| 001 |
184495 |
| 005 |
20231031172414.0 |
| 010 |
|
|
|a 524701359X
|
| 020 |
|
|
|a RU
|b 91-23966
|
| 035 |
|
|
|a (RuTPU)RU\TPU\book\200079
|
| 090 |
|
|
|a 184495
|
| 100 |
|
|
|a 20100911d1991 km y0rusy5003 ca
|
| 101 |
0 |
|
|a rus
|
| 200 |
1 |
|
|a Модели для количественного прогнозирования минерального сырья
|f Г. А. Булкин, И. А. Неженский
|
| 210 |
|
|
|a Ленинград
|c Недра
|d 1991
|
| 215 |
|
|
|a 288 с.
|c ил.
|d 22 см
|
| 320 |
|
|
|a Библиогр.: с. 282-286 (134 назв.).
|
| 610 |
1 |
|
|a минеральное сырье
|
| 610 |
1 |
|
|a количественное прогнозирование
|
| 610 |
1 |
|
|a модели
|
| 610 |
1 |
|
|a химические элементы
|
| 610 |
1 |
|
|a миграция
|
| 610 |
1 |
|
|a рудоносность
|
| 610 |
1 |
|
|a распределение
|
| 610 |
1 |
|
|a металлогенические модели
|
| 610 |
1 |
|
|a рудные залежи
|
| 610 |
1 |
|
|a руды
|
| 610 |
1 |
|
|a запасы
|
| 610 |
1 |
|
|a моделирование
|
| 610 |
1 |
|
|a специальные вопросы
|
| 675 |
|
|
|a 553.048
|z rus
|v 3
|
| 700 |
|
1 |
|a Булкин
|b Г. А.
|g Григорий Аронович
|4 070
|
| 701 |
|
1 |
|a Неженский
|b И. А.
|g Игорь Анатольевич
|4 070
|
| 801 |
|
0 |
|a RU
|b RuMRKP
|c 19950417
|g psbo
|
| 801 |
|
1 |
|a RU
|b 63413507
|c 20100911
|
| 801 |
|
2 |
|a RU
|b 63413507
|c 20111008
|g RCR
|
| 942 |
|
|
|c BK
|